| 000 | 00618nam a2200169Ia 4500 | ||
|---|---|---|---|
| 003 | GCL | ||
| 008 | 140319s9999 xx 000 0 ara d | ||
| 040 |
_aGCL / _cGCL |
||
| 082 | 0 | 4 |
_a344.01 _bس م |
| 100 | 1 | _aسعيد احمد شعلة | |
| 245 | 1 | 0 |
_aمجموعة القواعد القانونية التى قررتها محكمة النقض فى منازعات العمل ...... / _cسعيد احمد شعلة |
| 260 |
_aالقاهرة : _bمكتبه النهضه المصريه ، _c1990 |
||
| 300 |
_a1040 ص ؛ _c24 سم |
||
| 650 | 0 | 4 | _aالقانون |
| 650 | 0 | 4 | _aالقانون - مصر |
| 942 |
_2ddc _cREF |
||
| 999 |
_c59681 _d59681 |
||